000 01001nam a2200301 i 4500
001 014634004
003 EG-ScBUE
005 20251201102407.0
008 110210s2008 stk f b 001 0 eng d
020 _a9781847672254 (pbk.) :
020 _a1847672256 (pbk.) :
035 _a(StEdNL)4477457
040 _aStDuBDS
_beng
_erda
_cStDuBDS
_dStEdNL
_dEG-ScBUE
082 0 4 _a398.2
_222
_bHYD
100 1 _aHyde, Lewis,
_d1945-
_eauthor.
245 1 0 _aTrickster makes this world :
_bhow disruptive imagination creates culture /
_cLewis Hyde.
264 1 _aEdinburgh :
_bCanongate Books Ltd,
_c2008.
300 _a417 pages ;
_c20 cm
336 _atext
_2rdacontent
_btxt
337 _aunmediated
_2rdamedia
_bn
338 _avolume
_2rdacarrier
_bnc
500 _aOriginally published: New York: Farrar, Straus & Giroux, 1998.
504 _aIncludes bibliographical references and index.
650 7 _aTricksters.
_2BUEsh
650 7 _aMythology.
_2BUEsh
655 _vReading book
942 _2ddc
_cBB
999 _c31038
_d31009